TOTALITARIANISM THE INNER HISTORY OF THE COLD WAR / (Record no. 616646)

000 -LEADER
fixed length control field 00379nam a22001337a 4500
020 ## - INTERNATIONAL STANDARD BOOK NUMBER
Qualifying information HB.
040 ## - CATALOGING SOURCE
Transcribing agency FIZZA ISHAQ
082 ## - DEWEY DECIMAL CLASSIFICATION NUMBER
Classification number 320.904
Author Mark ABB
100 ## - MAIN ENTRY--PERSONAL NAME
Personal name GLEASON,ABBOTT.
9 (RLIN) 133767
245 ## - TITLE STATEMENT
Title TOTALITARIANISM THE INNER HISTORY OF THE COLD WAR /
Statement of responsibility, etc. ABBOTT GLEASON.
260 ## - PUBLICATION, DISTRIBUTION, ETC.
Place of publication, distribution, etc. NEW YORK ;
Name of publisher, distributor, etc. OXFORD UNIVERSITY PRESS,
Date of publication, distribution, etc. 1995.
300 ## - PHYSICAL DESCRIPTION
Extent 307 P. ;
Dimensions 9.9X6.5IN
942 ## - ADDED ENTRY ELEMENTS (KOHA)
Source of classification or shelving scheme
Koha item type Book
Holdings
Withdrawn status Lost status Source of classification or shelving scheme Damaged status Not for loan Permanent Location Current Location Shelving location Date acquired Full call number Barcode Date last seen Price effective from Koha item type
          NUST Baluchistan Campus (NBC) NUST Baluchistan Campus (NBC) General Stacks 03/12/2026 320.904 ABB QD-481 03/12/2026 03/12/2026 Book
© 2023 Central Library, National University of Sciences and Technology. All Rights Reserved.